candidats les cinquante saison 2 - Statistiques

Statistiques générales
  • Ce quiz a été pris 553 fois
  • Le résultat moyen est 30 sur 55
Statistiques - réponses
Réponse % Correct
Julie
94%
vivian
93%
amélie
92%
melanie
91%
simon
90%
Manon
89%
alex
81%
Eloise
81%
Jessica
81%
nacca
81%
cassandra
73%
romain
73%
romane
73%
stephane
73%
anais
72%
julien
71%
jade
70%
nicolas
66%
maissane
64%
Stephanie
63%
enzo
62%
Anthony
61%
Frédérique
61%
colette
60%
bastien
57%
cindy
57%
Edgar
57%
gary
57%
giovanni
51%
Gabriel
49%
fabrice
47%
greg
47%
Emilie
46%
louana
45%
scott
45%
kamel
43%
florian
42%
tressia
42%
Myriam
40%
thomas
37%
Lindsay
36%
Ludivine
36%
vanessa
36%
Jamel
35%
antoine
34%
marjolaine
34%
Perrine
33%
Anissa
31%
montaine
30%
Cecile
27%
Jennifer
27%
Mathias
25%
coralie
22%
vitale
21%
zaven
21%
Aucun quiz correspondant
Distribution des résultats
% des personnes avec chaque résultat
Percentile par nombre de réponses
Votre historique - résultats
Vous n’avez pas pris ce quiz